[Event "FIDE Candidates"]
[Site "Khanty-Mansiysk"]
[Date "2014.03.15"]
[Round "3"]
[White "Topalov, Veselin"]
[Black "Aronian, Levon"]
[Result "1/2-1/2"]
[WhiteElo "2785"]
[BlackElo "2830"]
[Annotator "Postny,E"]
[PlyCount "69"]
[EventDate "2014.03.13"]
[EventType "tourn"]
[EventRounds "14"]
[EventCountry "RUS"]
[EventCategory "21"]
[SourceTitle "CBM 160"]
[Source "ChessBase"]
[SourceDate "2014.05.15"]
[SourceVersion "1"]
[SourceVersionDate "2014.05.15"]
[SourceQuality "1"]

1. e4 e5 2. Nf3 Nc6 3. Bb5 a6 4. Ba4 Nf6 5. O-O Be7 6. Re1 b5 7. Bb3 O-O 8. a4
{Topalov chooses another way to avoid the Marshalll counterattack.} b4 9. d4 d6
10. dxe5 dxe5 {Aronian has a lot of experience in this line.} 11. Nbd2 {
The exchange of queens woudn't really suit Topalov's aggressive style.} (11.
Qxd8 Rxd8 12. Nbd2 h6 (12... Bd6 13. a5 h6 14. Bc4 Kf8 15. b3 Ke7 $6 ({After} 
15... Bb7 {Black is only slightly worse.}) 16. Bd5 $1 Nxd5 17. exd5 Na7 18.
Nxe5 $16 {1-0 (34) Karjakin,S (2721)-Aronian,L (2754) Nalchik 2009}) 13. a5 Bc5
14. Bc4 Ng4 15. Re2 Be6 16. Bxe6 fxe6 17. h3 Nf6 18. Re1 Rab8 19. Nc4 Rb5 20.
b3 Bd4 $11 {1-0 (70) Carlsen,M (2862)-Aronian,L (2813) Saint Louis 2013}) (11.
Bg5 Qxd1 12. Rxd1 Nxe4 13. Bxe7 Nxe7 14. Nxe5 Nc5 15. Nd2 Nxb3 $6 (15... Bf5 {
followed by Ra8-d8 looks like an improvement for Black.}) 16. Nxb3 f6 17. Nd7
Re8 18. Na5 Nf5 19. Nc5 Nd6 20. Nd3 Rb8 21. Nc6 Rb6 22. Ncxb4 $16 {0-1 (58)
Giri,A (2732)-Aronian,L (2801) Antalya 2013}) 11... Bc5 12. h3 Bb7 13. Qe2 {
This position is rather typical. Objectively, it should be equal. However, if
Black makes a few inncuous moves, he may find himself under pressure. White's
idea is to play Nd2-c4, attacking the Pe5 and bringing the knight to e3 and d5
or f5, according to circumstances.} Nd4 (13... Qe7 14. Nc4 a5 {followed by
Bb7-a6 at some point should be playable as well.}) 14. Nxd4 Bxd4 15. Bc4 $146 (
15. Qf3 Kh8 {1/2-1/2 (15) Jansa,V (2485)-Razuvaev,Y (2525) Kolkata 1986}) (15.
a5 $5 {is another option, typically fixing the Pa6 as a potential weakness.})
15... a5 16. Bd3 Nd7 $6 {This is a dubious manoeuvre.} (16... Qe7 17. Nf3 c5 $1
$132 {is a slightly strange idea to lock in his own bishop in the centre. But,
I don't see how White can trap it.}) 17. Nf3 Nc5 (17... Bb6 18. Bg5 f6 19. Be3
$14 {The light squares in Black's camp are seriously weakened.}) 18. Nxd4 exd4
19. Bf4 Re8 20. Qh5 Qe7 (20... Nxe4 $6 {was definitely risky.} 21. f3 g6 (21...
Nf6 22. Qc5 Nd5 23. Rxe8+ Qxe8 24. Bg3 $16) 22. Qh6 Nf6 23. Qh4 Nd5 24. Bg5 Qd6
25. Qxd4 c5 26. Qh4 $16) 21. Bb5 {Provoking the move that now follows, closing
the long diagonal for Black's bishop.} c6 22. Bc4 Ba6 (22... g6 {was also
possible, but the weakness of the dark squares near the king may become
apparent after} 23. Qf3 Ba6 24. Ba2 Ne6 25. Bxe6 Qxe6 26. Bg5 $36) 23. Bd6 $1
Qxd6 24. Bxf7+ Kf8 25. e5 Qd7 26. e6 Nxe6 27. Bxe8 Rxe8 28. Qxh7 $6 {It was a
tough dilemma for Topalov, which pawn to take. From a human point of view it's
really tempting to grab the one near the opponent's king. However, objectively
the other capture offered White more chances for a win.} (28. Qxa5 Bb7 29.
Qxb4+ c5 30. Qb6 {I can understand why Veselin didn't go for this position. It
looks as if Black has good attacking chances on the long diagonal. The
concrete variations, however, are in White's favour.} Qd5 (30... Bc6 31. a5 Qd5
32. f3 Nf4 33. Rxe8+ Bxe8 34. Kh1 $1 Qg5 35. Qd6+ Kf7 36. Rg1 $16) 31. f3 Bc6
32. b4 c4 33. a5 d3 34. cxd3 cxd3 35. Rad1 Kf7 36. a6 d2 37. Re2 Qb5 38. Qxb5
Bxb5 39. Rexd2 Bxa6 40. Rd6 {White's rook plus two pawns are superior to
Black's two minor pieces.}) 28... Qd5 29. f4 $1 d3 $1 {Both players are
playing the best moves, and this exciting position is heading into a forced
draw.} 30. f5 d2 31. Qh8+ Kf7 (31... Ke7 $5 {is very non-human, but also leads
to a draw after} 32. Qh4+ g5 $1 33. Qxg5+ Kd7 34. Rxe6 $1 d1=Q+ 35. Rxd1 Qxd1+
36. Kh2 Rxe6 37. fxe6+ Kxe6 38. Qg6+ Kd7 39. Qf5+ $1 Kd6 40. Qxa5 Qxc2 41.
Qxb4+ $11) 32. Qh5+ {Neither side can avoid the perpetual check.} Kf8 33. Qh8+
Kf7 34. Qh5+ Kf8 35. Qh8+ 1/2-1/2

[Event "Wch Rapid"]
[Site "Berlin"]
[Date "2015.10.10"]
[Round "5"]
[White "Aronian, Levon"]
[Black "Kovalev, Vladislav"]
[Result "1-0"]
[WhiteElo "2784"]
[BlackElo "2546"]
[PlyCount "63"]
[EventDate "2015.10.10"]
[EventType "swiss (rapid)"]
[EventRounds "15"]
[EventCountry "GER"]
[SourceTitle "CBM 168 Extra"]
[Source "ChessBase"]
[SourceDate "2015.10.29"]
[SourceVersion "1"]
[SourceVersionDate "2015.10.29"]
[SourceQuality "1"]

1. e4 e5 2. Nf3 Nc6 3. Bb5 a6 4. Ba4 Nf6 5. O-O Be7 6. d3 b5 7. Bb3 d6 8. a3
O-O 9. Nc3 Bg4 10. Be3 Nd4 11. Bxd4 exd4 12. Nd5 Nd7 13. h3 Bxf3 14. Qxf3 c6
15. Nxe7+ Qxe7 16. Qg3 Nc5 17. Ba2 a5 18. f4 Rab8 19. Qf2 Na4 20. Rab1 c5 21.
e5 dxe5 22. fxe5 Qxe5 23. Bxf7+ Kh8 24. Rbe1 Qc7 25. Re4 Nxb2 26. Qf5 h6 27.
Re6 Rb6 28. Bg6 Rg8 29. Re8 Rf6 30. Rxg8+ Kxg8 31. Qd5+ Kf8 32. Re1 1-0

[Event "Legends of Chess Prelim"]
[Site "chess24.com INT"]
[Date "2020.07.26"]
[Round "6.2"]
[White "Nepomniachtchi, I."]
[Black "Anand, V."]
[Result "1-0"]
[WhiteElo "2784"]
[BlackElo "2753"]
[PlyCount "67"]
[EventDate "2020.07.21"]
[EventType "tourn (rapid)"]
[SourceTitle "The Week in Chess 1342"]
[Source "Mark Crowther"]
[SourceDate "2020.07.27"]
[SourceVersion "1"]
[SourceVersionDate "2020.07.27"]
[SourceQuality "2"]

1. e4 e5 2. Bc4 Nf6 3. d3 Bc5 4. Nc3 d6 5. f4 Nc6 6. Nf3 Ng4 7. Ng5 Bf2+ 8. Kf1
exf4 9. Bxf7+ Kf8 10. Ne6+ Bxe6 11. Bxe6 Ne3+ 12. Bxe3 Bxe3 13. Qh5 Ne5 14. Nd5
c6 15. Nxe3 Qf6 16. Ke2 Qxe6 17. Rhf1 Qf6 18. Rxf4 Qxf4 19. Rf1 Qxf1+ 20. Kxf1
Re8 21. Kg1 Nf7 22. Qg4 g6 23. Nc4 Re7 24. Qf4 Re6 25. Na5 Kg7 26. Nxb7 Rb8 27.
Nc5 Re7 28. Nb3 Ne5 29. h3 c5 30. Qd2 Rf8 31. d4 cxd4 32. Qxd4 Rf6 33. Nd2 g5
34. Nf1 1-0

[Event "Skilling Open KO 2020"]
[Site "chess24.com INT"]
[Date "2020.11.26"]
[Round "1.23"]
[White "Nepomniachtchi, I."]
[Black "Aronian, L."]
[Result "1/2-1/2"]
[WhiteElo "2784"]
[BlackElo "2781"]
[PlyCount "33"]
[EventDate "2020.11.25"]
[EventType "k.o. (rapid)"]
[EventRounds "3"]
[SourceTitle "The Week in Chess 1360"]
[Source "Mark Crowther"]
[SourceDate "2020.11.30"]
[SourceVersion "1"]
[SourceVersionDate "2020.11.30"]
[SourceQuality "2"]

1. e4 e5 2. Nf3 Nf6 3. d4 Nxe4 4. dxe5 Bc5 5. Bc4 Nxf2 6. Bxf7+ Kxf7 7. Qd5+
Kg6 8. Qxc5 Nxh1 9. Nc3 h6 10. Qc4 Nc6 11. Nd5 d6 12. Nf4+ Kh7 13. Qd3+ Kg8 14.
Qd5+ Kh7 15. Qd3+ Kg8 16. Qd5+ Kh7 17. Qd3+ 1/2-1/2

[Event "chess.com Speed 2020"]
[Site "chess.com INT"]
[Date "2020.12.13"]
[Round "4.54"]
[White "Vachier Lagrave, M."]
[Black "Nakamura, Hi"]
[Result "0-1"]
[WhiteElo "2784"]
[BlackElo "2736"]
[PlyCount "60"]
[EventDate "2020.11.01"]
[EventType "k.o. (blitz)"]
[EventRounds "4"]
[SourceTitle "The Week in Chess 1362"]
[Source "Mark Crowther"]
[SourceDate "2020.12.14"]
[SourceVersion "1"]
[SourceVersionDate "2020.12.14"]
[SourceQuality "2"]

1. e4 e5 2. Nc3 Nc6 3. f4 exf4 4. Nf3 g5 5. Bc4 g4 6. O-O gxf3 7. Bxf7+ Kxf7 8.
Qxf3 Qh4 9. d4 Nxd4 10. Qd3 Ne6 11. Bxf4 Nxf4 12. Nd5 Bd6 13. Nxf4 Bxf4 14. g3
Qg5 15. Rxf4+ Ke7 16. Qd4 Nf6 17. Rf5 Qxf5 18. exf5 d5 19. Qe5+ Kf7 20. Re1 Re8
21. Qxc7+ Bd7 22. Rxe8 Rxe8 23. Qxb7 Re2 24. Qxa7 Rxc2 25. Qd4 Bxf5 26. a4 Be4
27. h3 Nh5 28. Qe5 Rg2+ 29. Kf1 Nxg3+ 30. Ke1 Re2+ 0-1

[Event "Shanghai Masters"]
[Site "Shanghai"]
[Date "2010.09.07"]
[Round "5"]
[White "Aronian, Levon"]
[Black "Kramnik, Vladimir"]
[Result "0-1"]
[WhiteElo "2783"]
[BlackElo "2780"]
[Annotator "Stohl,I"]
[PlyCount "142"]
[EventDate "2010.09.03"]
[EventType "tourn"]
[EventRounds "6"]
[EventCountry "CHN"]
[EventCategory "21"]
[SourceTitle "CBM 138"]
[Source "ChessBase"]
[SourceDate "2010.09.17"]
[SourceVersion "1"]
[SourceVersionDate "2010.09.17"]
[SourceQuality "1"]

1. d4 Nf6 2. Nf3 d5 3. c4 e6 4. g3 dxc4 5. Bg2 Nc6 6. Qa4 (6. O-O Rb8 {doesn't
necessarily transpose into 5...a6 lines - Black will play this move only if
it's necessary. For this reason White mostly prefers the game continuation,
aiming to regain the sacrificed pawn as soon as possible.}) 6... Bb4+ (6... Nd5
{(d7)} 7. Qxc4 Nb6 {is another plausible attempt in this line:} {Perhaps White
should also reconsider the older} 8. Qd3 (8. Qb5 a6 9. Qd3 e5 10. Nxe5 Nb4 11.
Qd1 Qxd4 12. Qxd4 Nc2+ 13. Kd1 Nxd4 14. Be3 Nf5 15. Bxb6 cxb6 {A more recent
try is} 16. Nd2 (16. Nc3 Bc5 17. e3 (17. Nd3 O-O 18. Ne4 Be7 19. e3 Bd7 20. Ke2
Bc6 21. Rhc1 Rfe8 22. g4 Nh6 23. Bf3 Rad8 24. h3 f5 25. gxf5 Nxf5 $36 {
Rodshtein,M (2609)-Naiditsch,A (2691)/EU-ch Rijeka/2010/}) 17... O-O 18. Ke2
Re8 19. Nd3 Rb8 20. Rhc1 Be6 21. Bd5 Bd7 22. Ne4 Bf8 23. Rc7 Rbd8 24. Nc3 Nd4+
25. Kd2 Be6 $132 {Kramnik,V (2772)-Naiditsch,A (2654)/Dortmund/2007/ for more
see notes by marin in CBM 119.}) 16... Bd6 (16... Bc5 17. Nd3 Rb8 (17... O-O
18. Nxc5 bxc5 19. Rc1 $16) 18. Rc1 Be7 19. e3 O-O 20. Ke2 Bd7 21. Nc4 Bd8 22.
Rhd1 Re8 23. b3 Bb5 24. Bh3 Bxc4 25. Bxf5 Bb5 26. a4 Bxd3+ 27. Rxd3 $16 {
Eljanov,P (2717)-Naiditsch,A (2685)/CRO-chT Sibenik/2009/}) 17. Nd3 O-O 18. Rc1
Rb8 19. e3 Be6 20. a3 Rfe8 21. Rc3 Be7 22. Rc7 Nd6 23. Nf4 Bg4+ 24. Bf3 Bd8 25.
Rc3 Bxf3+ 26. Nxf3 b5 27. Nd5 Ne4 28. Rc2 Nf6 $132 {1/2 Gongora Reyes,M (2451)
-Oms Pallisse,J (2494)/Barbera del Valles 2010/The Week in Chess 818 (39)})
8... e5 9. Nxe5 Nb4 10. Qc3 Qxd4 11. O-O Qxc3 12. Nxc3 f6 13. Nf3 c6 14. Nd4
Bd7 15. a3 N4d5 16. Nxd5 Nxd5 {with the idea} 17. Bd2 $5 Bd6 18. e4 Nc7 19.
Rac1 g6 20. Bc3 $14 O-O-O $6 21. Nxc6 bxc6 22. Bxf6 Rhe8 23. Bxd8 Rxd8 24. f4
$16 {Haba,P (2536)-Babula,V (2594)/CZE-chT/2008/}) 7. Bd2 Nd5 (7... Bd6 8. Na3
$5 Bxa3 9. Qxa3 Ne4 10. Be3 $44) 8. Bxb4 Ndxb4 9. Nc3 {This move recently
became popular mainly thanks to Aronian himself.} ({The line} 9. a3 b5 10. Qxb5
Nc2+ 11. Kd2 Bd7 $5 ({Black doesn't have to go for} 11... Nxa1 12. Qxc6+ Bd7
13. Qxc4 c5 14. Qa2 Qa5+ 15. Nc3 cxd4 16. Nxd4 Rd8 17. Rxa1 $13 {/+/=}) 12.
Kxc2 Nxd4+ 13. Nxd4 Bxb5 14. Nxb5 Rb8 15. N1c3 O-O 16. Rhd1 Qf6 $132 {gives
Black sufficient <=> and perhaps even chances to fight for more than that.}) ({
After} 9. O-O Rb8 10. Na3 ({After the older continuation} 10. Nc3 a6 11. Ne5
O-O 12. Nxc6 Nxc6 13. Bxc6 bxc6 14. Qxc4 Qd6 15. e3 Rxb2 16. Rab1 Rb6 {White
has compensation for the P, but not more than that:} 17. f4 a5 18. Qa4 Ba6 19.
Rfd1 c5 20. Ne4 Qd5 21. Rxb6 Qxe4 22. Rxa6 {1/2,Filippov,V (2574)-Rausis,I 
(2508)/Dubai op/1999/}) 10... O-O 11. Qb5 b6 12. Qxc4 Ba6 13. Nb5 Qd5 14. Qxd5
Nxd5 15. a4 Na5 16. Ne5 Rbd8 17. Bxd5 Bxb5 18. axb5 Rxd5 19. b4 Nb3 20. Nc6 (
20. Rxa7 Nxd4 21. Nc6 Nxe2+ 22. Kg2 {Cernousek,L (2436)-Klovans,J (2428)/Mlada
Boleslav/2008/} Rd7 23. Ne5 Rd5 $11) 20... Nxa1 21. Rxa1 Ra8 22. Ne7+ Kf8 23.
Nxd5 exd5 24. Rc1 Rc8 25. Ra1 Ra8 26. Rc1 Rc8 27. Ra1 {1/2,Rodshtein,M (2609)
-Macieja,B (2639)/Copenhagen/2010/ White already repeated moves - if Black's K
get over to d7 and manages to play c6, he can already take over the initiative.
}) 9... Bd7 {The main point why White postponed castling shows after} (9... a6
10. Ne5 O-O (10... Rb8 11. Nxc6 Nxc6 12. Bxc6+ bxc6 13. Qxc6+ Qd7 14. Qxd7+
Bxd7 15. O-O-O Ke7 16. e4 Rb6 17. Rhe1 g5 18. Rd2 h5 19. f3 h4 20. g4 Rd8 21.
Re3 $14 {Georgiev,K (2669)-Arnaudov,G (2404)/Kyustendil/2010/}) 11. Nxc6 Nxc6
12. Bxc6 bxc6 13. Qxc4 Rb8 14. b3 Qd6 15. Ne4 Qb4+ 16. Qxb4 Rxb4 17. O-O-O $1
e5 18. Rd2 a5 19. Rhd1 a4 20. Nc5 axb3 21. axb3 Be6 22. Kb2 Rb5 23. Rc1 Rfb8
24. Rc3 exd4 25. Rxd4 $16 {ק, Aronian,L (2750)-Adams,M (2712)/Wijk aan Zee/
2009/}) 10. O-O a5 $5 (10... Rb8 11. Qb5 {and White wins the P back with a
space advantage. If Black gets more ambitious, he can end like this:} Nc2 $2
12. Rad1 N2xd4 13. Nxd4 Nxd4 14. Qc5 Nf5 15. Nb5 $1 c6 16. Nd6+ Nxd6 17. Rxd6
b6 18. Qxc4 {1-0,Georgiev,K (2669)-Gutov,A (2437)/EU-ch Rijeka/2010/}) ({
Somewhat more risky than the text-move, but still playable is} 10... a6 11. Ne5
b5 12. Qa3 (12. Nxc6 Nxc6 13. Qd1 Rb8 14. Ne4 O-O 15. b3 Be8 16. e3 e5 $15 {
Batchuluun,C (2391)-Ghaem Maghami,E (2593)/Subic/2009/}) 12... Rb8 13. Nxc6
Nxc6 14. Qc5 (14. d5 Ne7 (14... b4 15. Qxa6 Nd4 16. Qxc4 e5 17. Ne4 O-O 18.
Rfe1 b3 19. a4 Nc2 20. Red1 Nxa1 21. Rxa1 Qe7 22. Qc5 Qxc5 23. Nxc5 Bc8 24. Bf1
(24. e4 $5) 24... f5 25. e3 Rd8 26. Bb5 Rxb5 27. axb5 Rxd5 28. Rc1 Rd2 29. Nxb3
Rxb2 $11 {Degerhammar,R (2488)-Pinkovetsky,S (2645)/corr/2004/}) 15. dxe6 fxe6
16. Qxa6 Rb6 17. Qa5 O-O 18. Rfd1 Qc8 19. Ne4 Rf5 20. Nc5 Rxc5 21. Qb4 Rd5 22.
Qxe7 Rdd6 23. Be4 Qe8 24. Qh4 h6 25. Bc2 Bc6 $132 {Schroeder,M (2113)-Kokkila,
T (2628)/corr/1999/}) 14... Ne7 15. a4 bxa4 16. Qxc4 Bb5 17. Qc5 Qd6 18. Qxd6
cxd6 19. Rfb1 Kd7 20. e3 Rhc8 21. Nxa4 Rc2 22. Be4 Rd2 23. Nc3 Bc4 24. b3 Bd3 {
Pavlovic,M (2515)-Van den Doel,E (2568)/Dieren op/2008/}) 11. Qd1 O-O 12. e3 (
12. Nd2 Nxd4 13. Bxb7 Rb8 {1/2,Heinig,W (2338)-Teske,H (2487)/Bundesliga 0506/
2006/} 14. Bg2 Bc6 $11) 12... a4 13. Qe2 Na5 14. Ne5 Nd5 $5 ({This is more
enterprising than the rather passive, but solid} 14... Qe8 15. Nxc4 Bb5 16.
Nxb5 Qxb5 17. Rfc1 Nd5 18. Bf1 Nxc4 19. Rxc4 c6 20. a3 Rfd8 21. Rac1 Qb6 22.
Qc2 Ra5 23. Rc5 g6 24. Qd2 Ra7 25. h4 Nf6 26. Qc2 {1/2, Dziuba,M (2556)-Landa,
K (2626)/Moscow/2009/}) 15. Nxd5 exd5 16. Bxd5 Bh3 17. Qf3 {Initiatiates
complications, but in the end doesn't promise White any advantage.} ({However,
Black has no problems whatsoever after the more sedate} 17. Bg2 Bxg2 18. Kxg2
f6 19. Nf3 Qe7 $11 {<=>,/\a3,Qe4,c5}) 17... Bxf1 {Black must accept the
challenge, otherwise he is seriously worse.} 18. Bxf7+ Kh8 19. Rxf1 Nc6 (19...
Ra6 20. Qe4 $36) (19... Qf6 $6 20. Qh5 Qh6 21. Qxh6 gxh6 22. Bxc4 $16) 20. Nxc6
bxc6 21. Qh5 Rb8 22. Bxc4 {Logical, White chops off a potentially dangerous o^.
} (22. Bg6 $143 $6 h6 23. Qe2 Qf6 24. Bb1 c5 $1 25. Rd1 Rfd8 (25... cxd4 26.
exd4 c5 $1 27. Qc2 g6 $17) 26. Qxc4 Rxb2 27. Bc2 cxd4 28. exd4 {Rodshtein,M 
(2609)-Landa,K (2598)/Copenhagen/2010/} Qf3 29. Qxc7 Rf8 $36) 22... Rxb2 23.
Bd3 g6 24. Bxg6 Qe7 25. Bb1 {Reliably protects Pa2, on the other hand the B is
passive on b1.} (25. a3 Rb5 26. Qh3 Rb3 27. Bf5 Rxa3 28. Rc1 Rxe3 $1 29. fxe3
Qxe3+ 30. Kg2 Qd2+ 31. Kf3 Qd3+ 32. Kf4 Qxd4+ 33. Kf3 Qd3+ 34. Kf4 Qd4+ 35. Kf3
Qd3+ 36. Kf4 {1/2, Khairullin,I (2620)-Alekseev,E (2691)/RUS-ch 1L Irkutsk/
2010/}) 25... Qf7 {It's time to take stock. White has 2P for the exchange,
moreover his P-structure is ver compact, while Black's P are all isolated.
Nevertheless Black is OK, as his major pieces are very active.} 26. Qc5 ({After
} 26. Qe5+ $142 $5 Qf6 (26... Kg8 27. Qg5+) 27. Qe4 Qg6 28. Qe5+ Qf6 29. Qe4 {
I can't see, how can Black effectively avoid repetition. Aronian was not
playing for a win, as a move later he is willing to force a perpetual...})
26... Rxf2 27. Qe5+ Rf6 {Kramnik must continue the fight to get a chance to
qualify.} (27... Kg8 28. Qg5+ $11) 28. Rf4 $6 {Natural, but inaccurate.} (28.
g4 Kg8 29. Bf5 $44) (28. Bd3 $5 {/\} Kg8 29. Rc1) 28... Qg7 $1 29. Bf5 Rd6 {
Suddenly White has to tread with care.} 30. Bc2 (30. Qe4 c5 31. Rh4 h6 $15) (
30. Qc5 Rd5 {/\c5|^}) 30... Rxf4 31. Qxf4 a3 32. g4 $6 {Another weakening,
which complicates White's task.} (32. Qe4 Rf6 33. Qd3 $15) 32... Qe7 33. g5 c5
$1 {Black activates his R and starts a direct ->.} 34. dxc5 Rd2 35. Bb3 Kg7 $6
{Kramnik errs as well. however, with approaching time-trouble it's difficult
for a human player to realize, that after} (35... Qg7 $1 36. Bc4 (36. Qf6 Qxf6
37. gxf6 Re2 $19) 36... Qa1+ 37. Bf1 Qxa2 38. Qf6+ Kg8 39. g6 Qb3 $1 {White
will run out of checks.}) 36. h4 Rd3 37. Kg2 $2 {Unnecessarly loses the Pe3.
After} (37. Kf2 $142 Qf8 (37... Rxb3 38. Qd4+ $132) 38. Be6 Rc3 39. Kg2 $132 {
the outcome of the game remains fully open.}) 37... Rxe3 38. Qd4+ Re5 39. Bd5
c6 $138 (39... h6 $1 {retains the c-pawns and should win more easily.}) 40. Kg3
$5 h6 $1 (40... cxd5 41. Kf4 Kg8 42. Qxe5 Qxc5 $11) 41. gxh6+ $8 Kxh6 42. Qf4+
Kh7 43. Bxc6 Rxc5 44. Qe4+ {Leads to an _|_, in which White in the long run
can't hold his P.} ({However, once White must avoid a Q-swap, he will
gradually lose after} 44. Be4+ Kg8 45. Kh3 Qe5 $19) 44... Qxe4 45. Bxe4+ Kg7
46. Kf4 Kf6 47. Ke3 (47. Bd3 Rh5 48. Kg3 (48. Ke4 Rxh4+ {wins as in the game.})
48... Rd5 49. Bc4 Rc5 50. Bg8 Rc8 51. Bd5 Ke5 52. Bf7 Rc7 53. Bg6 Kf6 54. h5
Rd7 $19) 47... Ke5 48. Kd3 Rb5 49. Kc4 Rb2 50. Bh7 (50. Ba8 Kf4 ({Black
shouldn't hurry to tak the P, after the premature} 50... Rxa2 $2 51. Kb3 Ra1
52. h5 $11 {he can't improve his position - if he lets White's K reach a1 the
theoretical draw is perfect.}) 51. h5 Kg5 52. Kc3 Kxh5 53. Bd5 Rb8 $19) 50...
Rh2 51. h5 Rxh5 {Black has reached a won TB position.} 52. Bc2 (52. Bg6 Rh6 53.
Bf7 Rb6 $19) 52... Rh2 (52... Rh6 $19 {immediately is a quicker win.}) 53. Kb3
Kd4 54. Bg6 Rh3+ (54... Rh6 $19) ({The online first showed the strange
move-order} 54... Rh4 $2 55. Kb4 $2 (55. Kxa3 Kc3 56. Be4 $1 $11) 55... Rh6 $19
) 55. Kb4 Rh6 56. Bf7 Ra6 57. Bg8 Ra7 58. Be6 Kd3 59. Bb3 Kd2 60. Ba4 Rb7+ 61.
Kc4 (61. Kxa3 $2 Kc3) 61... Kc1 62. Kc3 Kb1 63. Bb3 Rc7+ 64. Kd3 (64. Kb4 Kb2 {
/\Rc1-a1-a2}) 64... Kb2 65. Kd2 Rd7+ 66. Ke3 Kc3 67. Bg8 Re7+ 68. Kf2 Kd2 69.
Kf3 Kd3 70. Kf2 Re2+ 71. Kf3 Re8 (71... Re8 72. Bb3 Rf8+ 73. Kg2 Kc3 {/\Kb2,
Rc8-c1-a1xa2}) 0-1

[Event "chess.com Speed 3m+1spm 2018"]
[Site "chess.com INT"]
[Date "2018.09.07"]
[Round "1.13"]
[White "Giri, A."]
[Black "Mamedyarov, S."]
[Result "1/2-1/2"]
[WhiteElo "2782"]
[BlackElo "2801"]
[PlyCount "46"]
[EventDate "2018.07.24"]
[EventType "k.o. (blitz)"]
[EventRounds "4"]
[EventCountry "USA"]
[SourceTitle "The Week in Chess 1244"]
[Source "Mark Crowther"]
[SourceDate "2018.09.10"]
[SourceVersion "1"]
[SourceVersionDate "2018.09.10"]
[SourceQuality "2"]

1. d4 d5 2. Nf3 Nd7 3. c4 dxc4 4. Nc3 a6 5. a4 Rb8 6. e4 b5 7. axb5 axb5 8. d5
Nc5 9. Ne5 Bd7 10. Be3 Nb3 11. Ra7 Nf6 12. Nxc4 bxc4 13. Bxc4 Ng4 14. Bxb3 Nxe3
15. fxe3 g6 16. O-O Bh6 17. d6 Bxe3+ 18. Kh1 Bxa7 19. Bxf7+ Kf8 20. Be6+ Ke8
21. Bf7+ Kf8 22. Be6+ Ke8 23. Bf7+ Kf8 1/2-1/2

[Event "GCT Rapid Paris 2018"]
[Site "Paris FRA"]
[Date "2018.06.22"]
[Round "7.5"]
[White "Karjakin, Sergey"]
[Black "Aronian, L."]
[Result "1/2-1/2"]
[WhiteElo "2782"]
[BlackElo "2764"]
[PlyCount "119"]
[EventDate "2018.06.20"]
[EventType "tourn (rapid)"]
[EventRounds "9"]
[EventCountry "FRA"]
[EventCategory "22"]
[SourceTitle "The Week in Chess 1233"]
[Source "Mark Crowther"]
[SourceDate "2018.06.25"]
[SourceVersion "2"]
[SourceVersionDate "2018.06.26"]
[SourceQuality "2"]

1. e4 e5 2. Nf3 Nc6 3. Bb5 a6 4. Ba4 Nf6 5. O-O Be7 6. Re1 b5 7. Bb3 O-O 8. c3
d5 9. exd5 Nxd5 10. Nxe5 Nxe5 11. Rxe5 c6 12. d3 Bd6 13. Re1 Bf5 14. Qf3 Qh4
15. g3 Qh3 16. Be3 Bxd3 17. Nd2 Qf5 18. Bd4 Rfe8 19. a4 h6 20. Kg2 Qxf3+ 21.
Nxf3 Rac8 22. Kg1 Rxe1+ 23. Rxe1 Bg6 24. axb5 axb5 25. h4 f6 26. Ra1 Bf7 27.
Ra7 Bf8 28. Nd2 Rc7 29. Kf1 c5 30. Rxc7 Nxc7 31. Bxf7+ Kxf7 32. Be3 Ke6 33. Ke2
Kd5 34. h5 c4 35. g4 Ne6 36. f3 Bd6 37. Ne4 Be5 38. Kd2 Nf4 39. Ng3 Ne6 40. Nf5
Bd6 41. Kc2 b4 42. b3 cxb3+ 43. Kxb3 bxc3 44. Kxc3 Bf8 45. Kd3 Ng5 46. Ke2 Ne6
47. f4 Nd8 48. Kf3 Nc6 49. Bb6 Ne7 50. Ne3+ Kc6 51. Bd4 Nc8 52. g5 fxg5 53.
fxg5 hxg5 54. Kg4 Kd7 55. Kxg5 Ke6 56. Kg6 Ne7+ 57. Kh7 g6 58. hxg6 Nxg6 59.
Kxg6 Bd6 60. Be5 1/2-1/2

[Event "chess.com Speed 2020"]
[Site "chess.com INT"]
[Date "2020.11.11"]
[Round "1.31"]
[White "Aronian, L."]
[Black "Nepomniachtchi, I."]
[Result "1-0"]
[WhiteElo "2781"]
[BlackElo "2784"]
[PlyCount "79"]
[EventDate "2020.11.01"]
[EventType "k.o. (blitz)"]
[EventRounds "4"]
[SourceTitle "The Week in Chess 1358"]
[Source "Mark Crowther"]
[SourceDate "2020.11.16"]
[SourceVersion "1"]
[SourceVersionDate "2020.11.16"]
[SourceQuality "2"]

1. e4 c5 2. Nf3 d6 3. c3 Nf6 4. Be2 g6 5. O-O Bg7 6. d3 O-O 7. Be3 Nc6 8. Nbd2
e5 9. a3 a5 10. d4 cxd4 11. cxd4 d5 12. Nxe5 Nxe4 13. Nxc6 bxc6 14. Rc1 Rb8 15.
Nxe4 dxe4 16. Rxc6 Rxb2 17. Bc4 Bd7 18. Rc5 Qb6 19. Bd5 Bf5 20. Qa4 Rb1 21.
Qxa5 Rxf1+ 22. Kxf1 Qb1+ 23. Qe1 Qd3+ 24. Qe2 Qxa3 25. g4 Bc8 26. Bxf7+ Kh8 27.
Bd5 Ba6 28. Bc4 Bxc4 29. Rxc4 Qd6 30. Kg2 Qd7 31. h3 h6 32. Qc2 Qe8 33. Rc7 Kh7
34. d5 Rf3 35. Bd4 Rf7 36. Bxg7 Kxg7 37. d6 e3 38. Qc3+ Kh7 39. Qxe3 Qa8+ 40.
Kg3 1-0